| 000 | 00376nam a2200133Ia 4500 | ||
|---|---|---|---|
| 008 | 231129s2007||||xx |||||||||||||| ||spa|| | ||
| 020 | _a978-958-38-0134-1 (r | ||
| 040 | _bspa | ||
| 082 | _aR 708.9861 M986 | ||
| 245 | 0 | _aMuseo del Oro: Patrimonio milenario de Colombia | |
| 260 | _c2007 | ||
| 264 | _aBanco de la República | ||
| 942 |
_2ddc _cBKS |
||
| 999 |
_c21515 _d21515 |
||